| 000 | 00828aam a2200289 4500 | ||
|---|---|---|---|
| 005 | 20260427164740.0 | ||
| 008 | 150407b2006 xxu||||| |||| 00| 0 spa d | ||
| 020 | _a9789682475320 | ||
| 041 | _aESP | ||
| 082 | _a371.291.3 Z95d | ||
| 100 |
_aZuñiga Vázquez, María Guadalupe _928099 |
||
| 245 | _aDeserción estudiantil: en nivel superior causas y solución | ||
| 260 | _aMéxico | ||
| 260 | _bTrillas | ||
| 260 | _c2006 | ||
| 300 | _a116 páginas | ||
| 490 | _aTemática General | ||
| 650 | _aDESERCIÓN EN EDUCACIÓN | ||
| 650 | _aSOCIOLOGÍA DE LA EDUCACIÓN | ||
| 650 | _aESTUDIANTES | ||
| 650 | _aCONDICIÓN SOCIOECONÓMICA | ||
| 650 | _aDESERCIÓN ESCOLAR | ||
| 650 | _aDESERCIÓN ESTUDIANTIL UNIVERSITARIA | ||
| 650 | _aPROPUESTA INTEGRAL | ||
| 650 | _aCALIDAD DE LA EDUCACIÓN | ||
| 942 |
_cBK _2ddc |
||
| 999 |
_c3297 _d3297 |
||